Регионална библиотека "Любен Каравелов" - Русе

Скъперникът (Запис номер 424369)

MARC детайли
000 -Лидер
Контролно поле с фиксирана дължина nam a22 a 4500
003 - Код на организацията, давaща контролен номер
Контролно поле BLK
005 - Дата и час на последна редакция
Контролно поле 20230428152326.0
008 - Елементи от данни с фиксирана дължина
fixed length control field 210720b bu |||||r|||| 00| | bu d
040 ## - Източник на каталожния запис
Идентификатор на билиотеката - собственик на записа BLK
041 ## - Код за език
Код за езика на текст/звукозапис или на отделно заглавие Български
Код за езика КДБФ Български
080 ## - УДК
Текстов определител УДК Френска литература
УДК код - определител по УДК 821.133.1
УДК определител -22
УДК - код + определител 821.133.1-22
100 ## - Редна дума - Автор
R(LIN) 242470
Автор Молиер
Авторска отговорност първи автор
Автор - информация (биография) Поклен, Жан-Батист
139 ## - Редно поле
Редна дума Молиер
245 ## - Сведения за заглавието
Заглавие Скъперникът
Подзаглавни данни Комедия
Редно поле (дума) Молиер ; прев. от фр. М. Москов
260 ## - Област на издателските данни
9 (RLIN) 217487
Място на издаване, разпространение и проч. В. Търново
Име на издателя, разпространителя и проч. книж. Е. П. Христов
Година на издаване 1898
Печатница Варна : Зора
300 ## - Физическа характеристика
Страници 64 с.
Размери/Мащаб 20 см
380 ## - Жанр
Жанр Худож. лит.
490 ## - СЕРИИ (Колекции)
9 (RLIN) 435080
Име на серия Колекция Редки и ценни издания
700 ## - Други автори (авторска отговорност)
9 (RLIN) 302786
Лично име Москов, Моско
Автороска отговорност (Описва отношението между автора и произведението) прев. от фр.
Друга информация Писател, преводач, културен деец
Пълна форма на името Груев, Моско Москов
852 ## - Местоположение
Форматна сигнатура Рб 898
Фондова буква Редки и ценни
856 ## - Електронен адрес и достъп
Инструкция (цена за достъп) 0.00
Права за достъп disable
999 ## - СИСТЕМНИ КОНТРОЛНИ НОМЕРА
Koha biblionumber 424369
Koha biblioitemnumber 424369
942 ## - АРТИКУЛИ
Вид на библиотечния материал Книги
Скрит в OPAC Не
Периодичен библиозапис Да
944 ## - СЪЗДАВАНЕ И РЕДАКЦИЯ на ЗАПИСА
Създаване/Редакция Създаване
Дата на регистрацията/редакция 2021-07-20
Служител, извършил регистрацията/редакцията ВЙ
999 ## - СИСТЕМНИ КОНТРОЛНИ НОМЕРА
Koha biblioitemnumber 424369
Наличности
Код за отписване Код за изгубен артикул Източник на класификационната схема Код за повреда Коз за рестрикции Код за отдаване Артикулен № Име на библиотеката - собственик Име на библиотеката, в която се намира в момента Статус (Текущо местоположение) Дата на вписване в системата Местоположение - отдел Цена в лева Инвентарен номер Систематично азбучна сигнатура Баркод Цена в евро Служебен тип на артикула
  Не е изгубен Universal Decimal Classification Не е повреден само за читалня Специални фондове ( старопечатни, редки и ценни, фонд М. Арнаудов) 854068 Регионална библиотека "Любен Каравелов" Русе Регионална библиотека "Любен Каравелов" Русе Редки и ценни 2021-09-23 Редки и ценни 0.05 3011-а Рб 898 900000070474 0.03 Книги
  Не е изгубен Universal Decimal Classification Не е повреден само за читалня Специални фондове ( старопечатни, редки и ценни, фонд М. Арнаудов) 854069 Регионална библиотека "Любен Каравелов" Русе Регионална библиотека "Любен Каравелов" Русе Редки и ценни 2021-09-23 Редки и ценни 0.05 3011 Рб 898 900000070468 0.03 Книги
Vip Innovations Ltd, Rousse, Bulgaria 2025